000 00798nam a2200229Ia 4500
001 11407
003 GE_BSU
008 181216s||||||||xx |||||||||||||| ||und||
040 _cGE_BSU
080 _a634(076.8)
100 _aვარძელაშვილი მ.
245 _aმეხილეობის პრაქტიკუმი
245 _bდამხმ. სახელმძღვ. სას-სამ. ინ-ტის სტუდენტებისთვის
245 _cრედ: ლ. მესხი,
260 _aთბილისი.
260 _bგანათლება.
260 _c1989
300 _a212გვ.20სმ.
300 _eილ.ცხრ.
653 _aმეხილეობის პრაქტიკუმი
942 _cBK
999 _c44604
_d44604